La sociedad que ven los niños y niñas chilenos

Salvato in:
Dettagli Bibliografici
Autore principale: Ochoa Moreno, Jorge (autor)
Altri autori: Ortúzar A., Alejandra (autora)
Natura: Libro
Lingua:spagnolo
Pubblicazione: Santiago CIDE 1986
Serie:Documento de trabajo, 11
Soggetti:
Tags: Aggiungi Tag
Nessun Tag, puoi essere il primo ad aggiungerne!!

MARC

LEADER 00000nam a2200000 a 4500
001 UCW4076
003 CL-VaPUC
008 890825e19860000CL |||||||||||||||||spa|d
082 0 4 |a 305.23  |b OCH  |2 21 
100 |a Ochoa Moreno, Jorge  |e autor  |9 356046 
700 |a Ortúzar A., Alejandra  |e autora  |9 308631 
245 1 3 |a La sociedad que ven los niños y niñas chilenos 
300 |a 200 p 
942 |c BK 
945 |d 19890825 00:00:00 
260 |a Santiago  |b CIDE  |c 1986 
650 0 |a Niños  |9 255605 
650 7 |a PERCEPCION SOCIAL EN NIÑOS  |2 CL-VaPUC  |9 308632 
651 7 |a CHILE  |2 CL-VaPUC  |9 308633 
583 |a last modification  |c 19890825 00:00:00  |k Rodrigo Vera 
490 0 |a Documento de trabajo, 11 
999 |c 217897  |d 217895 
952 |0 0  |1 0  |4 0  |6 305_230000000000000_OCH_1986  |7 0  |8 A  |9 206513  |a BIBEDU  |b BIBEDU  |d 2019-11-15  |i 2743299  |o 305.23 OCH 1986  |p 2743299  |r 2019-11-15  |w 2019-11-15  |y BK  |k EDU 
952 |0 0  |1 0  |4 0  |6 305_230000000000000_OCH_1986  |7 0  |8 A  |9 206514  |a BIBEDU  |b BIBEDU  |d 2019-11-15  |i 2743302  |o 305.23 OCH 1986  |p 2743302  |r 2019-11-15  |w 2019-11-15  |y BK  |k EDU 
952 |0 0  |1 0  |4 0  |6 305_230000000000000_OCH_1986  |7 0  |8 A  |9 206515  |a BIBEDU  |b BIBEDU  |d 2019-11-15  |i 3419037  |o 305.23 OCH 1986  |p 3419037  |r 2019-11-15  |w 2019-11-15  |y BK  |k BME